[Event "2. BUNDESLIGA MITTE 2019/2020"]
[Site "Taufkirchen"]
[Date "2019.11.10"]
[Round "6"]
[Board "6"]
[White "Nguyen, Le Minh Phu"]
[Black "Marakovits, Nico"]
[Result "1-0"]
[WhiteElo "1931"]
[BlackElo "2038"]
[PlyCount "119"]
[EventDate "2019.10.11"]
[EventType "team"]
[EventRounds "11"]
[EventCountry "AUT"]
[WhiteTeam "SPG Freistadt/Wartberg"]
[BlackTeam "SPG Fuerstenfeld/Hartberg 2"]

1. d4 Nf6 2. c4 g6 3. Nc3 Bg7 4. e4 d6 5. Be2 O-O 6. Bg5 h6 7. Be3 c6 8. Nf3
Ng4 9. Bf4 Nd7 10. O-O e5 11. Bg3 Qe7 12. h3 Ngf6 13. Qc2 Nh5 14. d5 Nxg3 15.
fxg3 c5 16. a3 Nf6 17. b4 b6 18. b5 Nh5 19. Kh2 f5 20. Nh4 Qg5 21. Bxh5 Qxh5
22. Qe2 Qxe2 23. Nxe2 Kh7 24. Nc3 h5 25. a4 f4 26. Nf3 Bf6 27. a5 Bb7 28. h4
fxg3+ 29. Kxg3 bxa5 30. Rxa5 Bd8 31. Ra2 Kg7 32. Rfa1 Bb6 33. Ng5 Kg8 34. Ne6
Rf7 35. Na4 Rb8 36. Nxb6 axb6 37. Ra7 Rh7 38. Rf1 Rf7 39. Rxf7 Kxf7 40. Nd8+
Rxd8 41. Rxb7+ Kf8 42. Rxb6 Rd7 43. Rc6 Ke7 44. Kf3 Ra7 45. Ra6 Rb7 46. Ke3 Kd7
47. Kd3 Kc7 48. Kc3 Kd7 49. Kb3 Kc7 50. Rc6+ Kb8 51. Rxd6 Rf7 52. Re6 Rf1 53.
Rxe5 Rb1+ 54. Kc2 Re1 55. Kd2 Ra1 56. d6 Ra2+ 57. Kc3 Rxg2 58. Rxc5 Rg3+ 59.
Kb4 Rd3 60. Rd5  1-0

[Event "2. BUNDESLIGA MITTE 2019/2020"]
[Site "St. Veit"]
[Date "2020.01.10"]
[Round "7"]
[Board "1"]
[White "Leisch, Lukas"]
[Black "Mostbauer, Maximilian"]
[Result "1/2-1/2"]
[WhiteElo "2340"]
[BlackElo "2225"]
[PlyCount "90"]
[EventDate "2019.10.11"]
[EventType "team"]
[EventRounds "11"]
[EventCountry "AUT"]
[WhiteTeam "SPG Freistadt/Wartberg"]
[BlackTeam "SPG Nettingsdorf/Traun"]

1. e4 e6 2. d4 d5 3. Nc3 dxe4 4. Nxe4 Nd7 5. Nf3 Ngf6 6. Bg5 Be7 7. Nxf6+ Bxf6
8. Bxf6 Nxf6 9. Bd3 O-O 10. Qe2 b6 11. O-O-O Bb7 12. Kb1 Qe7 13. h4 c5 14. h5
Rad8 15. dxc5 bxc5 16. Rh4 Bxf3 17. Qxf3 Rd4 18. Rxd4 cxd4 19. g4 Rb8 20. Bc4
Qb4 21. Bb3 a5 22. g5 Nd5 23. g6 f5 24. a4 Qb7 25. Rxd4 Qb6 26. Qd1 hxg6 27.
hxg6 Kf8 28. Rxd5 exd5 29. Qxd5 Ke7 30. Qf7+ Kd6 31. Qxf5 Qd4 32. Qe6+ Kc7 33.
Qe7+ Kb6 34. Qe6+ Ka7 35. Qe7+ Rb7 36. Qe3 Qxe3 37. fxe3 Re7 38. Bc4 Rxe3 39.
Kc1 Kb6 40. Kd2 Rg3 41. Bd3 Kc5 42. Kc3 Rf3 43. Kb3 Rg3 44. Kc3 Rf3 45. b3 Rg3
 1/2-1/2

[Event "2. BUNDESLIGA MITTE 2019/2020"]
[Site "St. Veit"]
[Date "2020.01.10"]
[Round "7"]
[Board "2"]
[White "Gelbenegger, Patrick"]
[Black "Mayerhofer, Peter"]
[Result "1/2-1/2"]
[WhiteElo "2259"]
[BlackElo "2174"]
[PlyCount "61"]
[EventDate "2019.10.11"]
[EventType "team"]
[EventRounds "11"]
[EventCountry "AUT"]
[WhiteTeam "SPG Nettingsdorf/Traun"]
[BlackTeam "SPG Freistadt/Wartberg"]

1. e4 e6 2. d4 d5 3. Nd2 Nc6 4. c3 e5 5. dxe5 dxe4 6. Qe2 Nxe5 7. Qxe4 Qe7 8.
Be2 Nf6 9. Qc2 Bg4 10. Ngf3 Nxf3+ 11. Nxf3 Bxf3 12. gxf3 Qd7 13. Bd2 O-O-O 14.
O-O-O Qe6 15. Be3 Rxd1+ 16. Rxd1 Qxa2 17. Qf5+ Qe6 18. Qxe6+ fxe6 19. Bxa7 Bd6
20. h3 Rd8 21. Be3 Nd5 22. Bd3 Nxe3 23. fxe3 Rf8 24. Be4 Bc5 25. Kd2 Rd8+ 26.
Ke2 Rxd1 27. Kxd1 Bxe3 28. Bxh7 g5 29. Ke2 Bc1 30. b3 Kd7 31. Kd3  1/2-1/2

[Event "2. BUNDESLIGA MITTE 2019/2020"]
[Site "St. Veit"]
[Date "2020.01.10"]
[Round "7"]
[Board "3"]
[White "Postlmayer, Jakob"]
[Black "Gaertner, Markus"]
[Result "1-0"]
[WhiteElo "2204"]
[BlackElo "2139"]
[PlyCount "49"]
[EventDate "2019.10.11"]
[EventType "team"]
[EventRounds "11"]
[EventCountry "AUT"]
[WhiteTeam "SPG Freistadt/Wartberg"]
[BlackTeam "SPG Nettingsdorf/Traun"]

1. e4 e5 2. Nf3 Nc6 3. Bb5 a6 4. Ba4 Nf6 5. O-O b5 6. Bb3 Be7 7. Re1 d6 8. c3
O-O 9. h3 Na5 10. Bc2 c5 11. d4 Qc7 12. d5 c4 13. b4 cxb3 14. axb3 Ne8 15. Bd2
Rb8 16. c4 Nb7 17. Rxa6 bxc4 18. Rc6 Qd8 19. b4 f5 20. exf5 Nf6 21. Nc3 Bd7 22.
Rxc4 Qb6 23. Be4 Qa6 24. Bd3 Bb5 25. Rc6  1-0

[Event "2. BUNDESLIGA MITTE 2019/2020"]
[Site "St. Veit"]
[Date "2020.01.10"]
[Round "7"]
[Board "4"]
[White "Schloffer, Jasmin-Denise"]
[Black "Rechberger, Franz"]
[Result "1/2-1/2"]
[WhiteElo "2084"]
[BlackElo "2117"]
[PlyCount "89"]
[EventDate "2019.10.11"]
[EventType "team"]
[EventRounds "11"]
[EventCountry "AUT"]
[WhiteTeam "SPG Nettingsdorf/Traun"]
[BlackTeam "SPG Freistadt/Wartberg"]

1. d4 d5 2. c4 c6 3. cxd5 cxd5 4. Nc3 e6 5. Bf4 Bd6 6. Bxd6 Qxd6 7. Nf3 Nc6 8.
e3 Nge7 9. Rc1 f6 10. a3 O-O 11. Bd3 Bd7 12. O-O Be8 13. Qc2 Bg6 14. Bxg6 Nxg6
15. Rfd1 Rfc8 16. b4 Qd7 17. Qb3 Nce7 18. Na4 b6 19. h3 Nf5 20. Nc3 Nd6 21. b5
Nc4 22. e4 Na5 23. Qa2 Nf4 24. exd5 Nxd5 25. Nxd5 exd5 26. a4 Rc4 27. Rxc4 Nxc4
28. Nd2 Rc8 29. Rc1 Qe6 30. Nxc4 Rxc4 31. Rxc4 dxc4 32. Kf1 Qd5 33. Qd2 Kf7 34.
Qf4 g5 35. Qc7+ Kg6 36. Qxa7 Qxd4 37. g4 Qd1+ 38. Kg2 Qd5+ 39. Kg1 c3 40. Qe7
Qe5 41. Qd8 Qe1+ 42. Kg2 Qe4+ 43. Kg1 Qe1+ 44. Kg2 Qe4+ 45. Kh2  1/2-1/2

[Event "2. BUNDESLIGA MITTE 2019/2020"]
[Site "St. Veit"]
[Date "2020.01.10"]
[Round "7"]
[Board "5"]
[White "Traunwieser, Georg"]
[Black "Poell, Markus"]
[Result "1-0"]
[WhiteElo "2064"]
[BlackElo "2121"]
[PlyCount "91"]
[EventDate "2019.10.11"]
[EventType "team"]
[EventRounds "11"]
[EventCountry "AUT"]
[WhiteTeam "SPG Freistadt/Wartberg"]
[BlackTeam "SPG Nettingsdorf/Traun"]

1. d4 d5 2. Nf3 Nf6 3. e3 c6 4. Bd3 Bg4 5. Nbd2 e6 6. b3 Nbd7 7. Bb2 Be7 8. c4
Bh5 9. Qc2 Bg6 10. O-O O-O 11. Bxg6 hxg6 12. Rad1 Qc7 13. e4 dxe4 14. Nxe4 Nxe4
15. Qxe4 Rad8 16. Qe3 Nf6 17. Rfe1 Rfe8 18. Qc3 Bf8 19. Ng5 Qf4 20. Bc1 Qg4 21.
h3 Qh4 22. Nf3 Qh5 23. Re5 Qh7 24. Qa5 Bd6 25. Rg5 Bb8 26. Re1 Kh8 27. Ne5 Kg8
28. Nf3 Kh8 29. Qb4 b6 30. Qa4 Rc8 31. Qb4 Qg8 32. Qc3 Qf8 33. Ne5 Kg8 34. Qf3
c5 35. dxc5 Qxc5 36. Nxf7 Qb4 37. Nh6+ gxh6 38. Rxg6+ Kh7 39. Rxh6+ Kg8 40.
Rg6+ Kh7 41. Rh6+ Kg8 42. Kf1 Nh7 43. Qg4+ Kh8 44. Qg6 Qe7 45. Rxe6 Qd7 46.
Bb2+  1-0

[Event "2. BUNDESLIGA MITTE 2019/2020"]
[Site "St. Veit"]
[Date "2020.01.10"]
[Round "7"]
[Board "6"]
[White "Charaus, Florian"]
[Black "Oberngruber, Thomas"]
[Result "1-0"]
[WhiteElo "2039"]
[BlackElo "2114"]
[PlyCount "67"]
[EventDate "2019.10.11"]
[EventType "team"]
[EventRounds "11"]
[EventCountry "AUT"]
[WhiteTeam "SPG Nettingsdorf/Traun"]
[BlackTeam "SPG Freistadt/Wartberg"]

1. d4 d5 2. Nf3 e6 3. Bf4 c6 4. Nbd2 f5 5. e3 Nf6 6. Bd3 Be7 7. c3 O-O 8. h3
Ne4 9. Qe2 Nd7 10. Ne5 Nxd2 11. Qxd2 Nxe5 12. Bxe5 Bd6 13. Bxd6 Qxd6 14. f4 Bd7
15. Qf2 c5 16. O-O c4 17. Be2 b5 18. Bf3 a5 19. g4 Ra7 20. Kh1 Bc6 21. Rg1 Rb8
22. gxf5 exf5 23. Rg5 Qe6 24. Rag1 Rd7 25. Kh2 Kh8 26. Qh4 Rbb7 27. Bh5 Qxe3
28. Re1 Re7 29. Rxe3 Rxe3 30. Rxf5 Rb8 31. Re5 Rd3 32. Re2 Bd7 33. Bg4 Bxg4 34.
Qxg4  1-0

[Event "2. BUNDESLIGA MITTE 2019/2020"]
[Site "St. Veit"]
[Date "2020.01.10"]
[Round "7"]
[Board "1"]
[White "Velicka, Petr"]
[Black "Nagy, Gabor"]
[Result "1/2-1/2"]
[WhiteElo "2426"]
[BlackElo "2489"]
[PlyCount "61"]
[EventDate "2019.10.11"]
[EventType "team"]
[EventRounds "11"]
[EventCountry "AUT"]
[WhiteTeam "SV Steyregg"]
[BlackTeam "SPG Fuerstenfeld/Hartberg 2"]

1. Nf3 c5 2. c4 Nc6 3. d4 cxd4 4. Nxd4 Nf6 5. Nc3 Qb6 6. Nb3 e6 7. e4 Bb4 8.
Bd3 Ne5 9. O-O Qd6 10. Bc2 Qxd1 11. Rxd1 Bxc3 12. bxc3 Nxc4 13. Nd2 Nxd2 14.
Rxd2 b5 15. a4 Bb7 16. e5 Nd5 17. Be4 O-O 18. axb5 Rfc8 19. Rda2 Rxc3 20. Be3
f5 21. Bxd5 Bxd5 22. Rxa7 Rxa7 23. Rxa7 Rb3 24. h4 Rxb5 25. Rxd7 Rb1+ 26. Kh2
Rb4 27. Rd8+ Kf7 28. Rd7+ Kg8 29. Rd8+ Kf7 30. Rd7+ Kg8 31. Rd8+  1/2-1/2

[Event "2. BUNDESLIGA MITTE 2019/2020"]
[Site "St. Veit"]
[Date "2020.01.10"]
[Round "7"]
[Board "2"]
[White "Pilaj, Herwig"]
[Black "Szotkowski, Jakub"]
[Result "1-0"]
[WhiteElo "2325"]
[BlackElo "2382"]
[PlyCount "67"]
[EventDate "2019.10.11"]
[EventType "team"]
[EventRounds "11"]
[EventCountry "AUT"]
[WhiteTeam "SPG Fuerstenfeld/Hartberg 2"]
[BlackTeam "SV Steyregg"]

1. Nf3 Nf6 2. g3 d5 3. Bg2 c6 4. O-O Nbd7 5. d3 e6 6. Nbd2 Be7 7. e4 O-O 8. Qe2
b6 9. e5 Ne8 10. h4 Ba6 11. h5 c5 12. Nh2 Rc8 13. h6 g6 14. Ng4 Nc7 15. c3 b5
16. Nf3 Nb6 17. Be3 b4 18. Qd2 bxc3 19. bxc3 Rb8 20. Rab1 d4 21. cxd4 c4 22.
Bg5 cxd3 23. Bxe7 Qxe7 24. Nf6+ Kh8 25. Ng5 Nc4 26. Qc3 d2 27. Nge4 Na3 28.
Rxb8 Rxb8 29. Rd1 Be2 30. Rxd2 Bc4 31. Rb2 Rxb2 32. Qxb2 Ncb5 33. Ng5 a5 34.
Bc6  1-0

[Event "2. BUNDESLIGA MITTE 2019/2020"]
[Site "St. Veit"]
[Date "2020.01.10"]
[Round "7"]
[Board "3"]
[White "Meyer, Gordon"]
[Black "Kiss, Attila"]
[Result "1/2-1/2"]
[WhiteElo "2211"]
[BlackElo "2335"]
[PlyCount "61"]
[EventDate "2019.10.11"]
[EventType "team"]
[EventRounds "11"]
[EventCountry "AUT"]
[WhiteTeam "SV Steyregg"]
[BlackTeam "SPG Fuerstenfeld/Hartberg 2"]

1. e4 d6 2. d4 Nf6 3. Nc3 Nbd7 4. Nf3 e5 5. Bc4 Be7 6. O-O Nb6 7. Bb5+ c6 8.
dxe5 dxe5 9. Qxd8+ Bxd8 10. Be2 Bc7 11. h3 O-O 12. Be3 Re8 13. a4 a5 14. b3
Nbd7 15. Nd2 Bb6 16. Bxb6 Nxb6 17. Nc4 Nxc4 18. Bxc4 Be6 19. Bxe6 Rxe6 20. Rfd1
Ree8 21. Rd3 Red8 22. Rad1 Rxd3 23. Rxd3 Kf8 24. Kf1 Ke7 25. Ke2 Nd7 26. Nb1
Nc5 27. Re3 Ne6 28. g3 Nd4+ 29. Kd1 f6 30. Kc1 Kd6 31. Kb2  1/2-1/2

[Event "2. BUNDESLIGA MITTE 2019/2020"]
[Site "St. Veit"]
[Date "2020.01.10"]
[Round "7"]
[Board "4"]
[White "Kuba, Guenter"]
[Black "Enoeckl, Philipp"]
[Result "1/2-1/2"]
[WhiteElo "2338"]
[BlackElo "2283"]
[PlyCount "74"]
[EventDate "2019.10.11"]
[EventType "team"]
[EventRounds "11"]
[EventCountry "AUT"]
[WhiteTeam "SPG Fuerstenfeld/Hartberg 2"]
[BlackTeam "SV Steyregg"]

1. e4 e6 2. d4 d5 3. Nd2 c5 4. exd5 Qxd5 5. Ngf3 cxd4 6. Bc4 Qd6 7. O-O Nf6 8.
Nb3 Nc6 9. Nbxd4 Nxd4 10. Qxd4 Qxd4 11. Nxd4 Bc5 12. Rd1 Ke7 13. Bf4 Rd8 14.
Nb3 Bd6 15. Bxd6+ Rxd6 16. Rxd6 Kxd6 17. f3 g5 18. Rd1+ Ke7 19. Na5 Rb8 20. Kf2
Bd7 21. Be2 b6 22. Nc4 b5 23. Ne5 Be8 24. c3 Nd5 25. h4 f6 26. Nd3 gxh4 27. Rh1
h5 28. Rxh4 Rc8 29. f4 b4 30. Nxb4 Nxb4 31. cxb4 Rc2 32. Ke3 Rxb2 33. Bxh5 Bxh5
34. Rxh5 Rxa2 35. g4 Rb2 36. Rh7+ Kd6 37. Rxa7 Rb3+  1/2-1/2

[Event "2. BUNDESLIGA MITTE 2019/2020"]
[Site "St. Veit"]
[Date "2020.01.10"]
[Round "7"]
[Board "5"]
[White "Wiesinger, Robert"]
[Black "Hatzl, Johannes"]
[Result "1-0"]
[WhiteElo "2230"]
[BlackElo "2130"]
[PlyCount "81"]
[EventDate "2019.10.11"]
[EventType "team"]
[EventRounds "11"]
[EventCountry "AUT"]
[WhiteTeam "SV Steyregg"]
[BlackTeam "SPG Fuerstenfeld/Hartberg 2"]

1. e4 e5 2. Nf3 Nc6 3. d4 exd4 4. Nxd4 Bc5 5. Nxc6 Qf6 6. Qf3 Qxf3 7. gxf3 bxc6
8. Nd2 Ne7 9. Nb3 Bb6 10. a4 a5 11. Be3 Bxe3 12. fxe3 d6 13. Bd3 O-O 14. Kd2
Bd7 15. Rhg1 c5 16. Kc3 f5 17. Rg5 Be6 18. Rag1 g6 19. f4 Kh8 20. h4 Rab8 21.
h5 c4 22. hxg6 hxg6 23. exf5 Nxf5 24. Rxg6 Bg8 25. Bxf5 Rxf5 26. Rh6+ Bh7 27.
Nd4 Rf7 28. Ne6 Re8 29. Rgh1 Rfe7 30. Ng5 Rxe3+ 31. Kxc4 c6 32. Rxh7+ Kg8 33.
Rh8+ Kg7 34. Rxe8 Rxe8 35. Rd1 d5+ 36. Kc5 Re2 37. Rc1 Rf2 38. Kxc6 Kf6 39.
Kxd5 Rxf4 40. Ne4+ Kf5 41. Rf1  1-0

[Event "2. BUNDESLIGA MITTE 2019/2020"]
[Site "St. Veit"]
[Date "2020.01.10"]
[Round "7"]
[Board "6"]
[White "Eibinger, Manuel"]
[Black "Stolz, Julius"]
[Result "1/2-1/2"]
[WhiteElo "2029"]
[BlackElo "2130"]
[PlyCount "53"]
[EventDate "2019.10.11"]
[EventType "team"]
[EventRounds "11"]
[EventCountry "AUT"]
[WhiteTeam "SPG Fuerstenfeld/Hartberg 2"]
[BlackTeam "SV Steyregg"]

1. c4 Nf6 2. Nf3 e6 3. g3 d5 4. Bg2 dxc4 5. Qa4+ Bd7 6. Qxc4 c5 7. O-O Bc6 8.
d3 Nbd7 9. Bf4 Be7 10. a3 Nb6 11. Qc2 O-O 12. Nc3 Bd6 13. Be3 Rc8 14. Rfc1 Nbd7
15. Rab1 Qe7 16. Qd1 b6 17. h3 Rfd8 18. Ng5 Bxg2 19. Kxg2 Ne5 20. Nge4 Nxe4 21.
Nxe4 Nc6 22. Qa4 Qb7 23. Kg1 a5 24. Qb5 Na7 25. Qa4 Nc6 26. Qb5 Na7 27. Qa4
 1/2-1/2

[Event "2. BUNDESLIGA MITTE 2019/2020"]
[Site "St. Veit"]
[Date "2020.01.10"]
[Round "7"]
[Board "1"]
[White "Schmidt, Peter"]
[Black "Flumbort, Andras"]
[Result "1-0"]
[WhiteElo "2396"]
[BlackElo "2457"]
[PlyCount "53"]
[EventDate "2019.10.11"]
[EventType "team"]
[EventRounds "11"]
[EventCountry "AUT"]
[WhiteTeam "SPG Sauwald"]
[BlackTeam "ASK St. Valentin"]

1. d4 Nf6 2. Nf3 g6 3. g3 Bg7 4. Bg2 d5 5. O-O O-O 6. Ne5 c5 7. dxc5 Qc7 8. Nd3
e5 9. Nc3 Be6 10. Nb5 Qd7 11. a4 Nc6 12. c3 a6 13. Nd6 Bh3 14. Bg5 Bxg2 15.
Kxg2 b6 16. b4 bxc5 17. bxc5 Rfb8 18. Rb1 Nh5 19. Qd2 d4 20. cxd4 Nxd4 21. Qa2
Ne6 22. Be3 Rf8 23. f3 Rab8 24. a5 Nc7 25. Rb6 Nb5 26. Nxb5 axb5 27. c6  1-0

[Event "2. BUNDESLIGA MITTE 2019/2020"]
[Site "St. Veit"]
[Date "2020.01.10"]
[Round "7"]
[Board "2"]
[White "Sandhoefner, Florian"]
[Black "Renner, Christoph"]
[Result "1/2-1/2"]
[WhiteElo "2323"]
[BlackElo "2311"]
[PlyCount "112"]
[EventDate "2019.10.11"]
[EventType "team"]
[EventRounds "11"]
[EventCountry "AUT"]
[WhiteTeam "ASK St. Valentin"]
[BlackTeam "SPG Sauwald"]

1. e4 e6 2. d4 d5 3. Nd2 Be7 4. Bd3 c5 5. dxc5 Nf6 6. Qe2 O-O 7. Ngf3 a5 8. c3
Na6 9. e5 Nd7 10. Nb3 Naxc5 11. Nxc5 Nxc5 12. Bb5 Bd7 13. Be3 Bxb5 14. Qxb5 Qd7
15. Qxd7 Nxd7 16. Ke2 Rfc8 17. Rhd1 a4 18. Rac1 Rc7 19. a3 Rac8 20. Bd4 f6 21.
Kf1 Kf7 22. Rc2 h6 23. Re2 f5 24. Ne1 g5 25. Nd3 Nf8 26. f4 Ng6 27. Rf2 Rh8 28.
h3 gxf4 29. Nxf4 Nxf4 30. Rxf4 Bg5 31. Rf3 Kg6 32. g3 Rhc8 33. Ke2 Rc4 34. Kd3
Rg8 35. g4 fxg4 36. hxg4 Rc7 37. Rdf1 Rcg7 38. Be3 Kh7 39. Rf7 Be7 40. c4 Rd8
41. cxd5 Rxd5+ 42. Ke4 Rb5 43. R1f2 Rb3 44. Rxg7+ Kxg7 45. Rc2 Bg5 46. Bf4 Kg6
47. Rd2 b5 48. Rd6 Kf7 49. Rd7+ Ke8 50. Rd6 Ke7 51. Rd2 b4 52. Bxg5+ hxg5 53.
axb4 Rxb4+ 54. Rd4 Rxb2 55. Rxa4 Re2+ 56. Kd4 Rg2  1/2-1/2

[Event "2. BUNDESLIGA MITTE 2019/2020"]
[Site "St. Veit"]
[Date "2020.01.10"]
[Round "7"]
[Board "3"]
[White "Testor, Sebastian"]
[Black "Hajnal, Zoltan"]
[Result "1/2-1/2"]
[WhiteElo "2332"]
[BlackElo "2386"]
[PlyCount "73"]
[EventDate "2019.10.11"]
[EventType "team"]
[EventRounds "11"]
[EventCountry "AUT"]
[WhiteTeam "SPG Sauwald"]
[BlackTeam "ASK St. Valentin"]

1. d4 d5 2. c4 c6 3. Nf3 Nf6 4. e3 Bf5 5. Nc3 e6 6. Nh4 Bg6 7. Be2 Nbd7 8. O-O
Be7 9. g3 O-O 10. Nxg6 hxg6 11. b3 Qa5 12. Bd2 Bb4 13. a3 Bxc3 14. b4 Qc7 15.
Bxc3 Ne4 16. Be1 f5 17. Rc1 g5 18. f3 Nd6 19. c5 Nf7 20. e4 fxe4 21. fxe4 dxe4
22. Bc4 Rae8 23. Qe2 Nf6 24. Bd2 Kh7 25. Rcd1 Qd7 26. Bc1 Rh8 27. Ba2 Kg8 28.
Bb1 Qd5 29. Ba2 Qd7 30. Rf2 Rd8 31. Bb3 Re8 32. Ba2 Rd8 33. Bb3 Re8 34. Be3 Re7
35. Rdf1 Rh6 36. Ba2 Kh8 37. Rd1  1/2-1/2

[Event "2. BUNDESLIGA MITTE 2019/2020"]
[Site "St. Veit"]
[Date "2020.01.10"]
[Round "7"]
[Board "4"]
[White "Heimberger, Reinhard"]
[Black "Taggatz, Mario"]
[Result "0-1"]
[WhiteElo "2238"]
[BlackElo "2207"]
[PlyCount "108"]
[EventDate "2019.10.11"]
[EventType "team"]
[EventRounds "11"]
[EventCountry "AUT"]
[WhiteTeam "ASK St. Valentin"]
[BlackTeam "SPG Sauwald"]

1. d4 d5 2. Nf3 Nf6 3. g3 c5 4. Bg2 cxd4 5. O-O h6 6. b3 Nc6 7. Nxd4 e5 8. Nxc6
bxc6 9. Bb2 Bd6 10. c4 Be6 11. Nc3 Be7 12. Rc1 Qd7 13. cxd5 cxd5 14. Na4 Qd6
15. Qd3 O-O 16. Qc3 d4 17. Qa5 Bd5 18. Rc5 Bxg2 19. Kxg2 Bd8 20. Qb5 Rb8 21.
Qc6 Qxc6+ 22. Rxc6 Bb6 23. Rfc1 Rfd8 24. Ba3 Rd7 25. Bd6 Re8 26. Nxb6 axb6 27.
Rxb6 Nd5 28. Rb8 Rxb8 29. Bxb8 e4 30. Bf4 Nc3 31. Rc2 Nb1 32. Bd2 d3 33. exd3
exd3 34. Rb2 Na3 35. Kf3 f5 36. g4 fxg4+ 37. Kxg4 Kf7 38. Kf3 Ke6 39. Ke4 Nc2
40. a4 Rd4+ 41. Kf3 Kd7 42. a5 Kc6 43. a6 Kb6 44. Be3 d2 45. Bxd2 Rxd2 46. Kg4
Kxa6 47. Kh5 Rxf2 48. h4 Rg2 49. Ra2+ Kb5 50. b4 Rh2 51. Kg6 Rxh4 52. Rxc2 Rg4+
53. Kh5 Rg5+ 54. Kh4 Kxb4  0-1

[Event "2. BUNDESLIGA MITTE 2019/2020"]
[Site "St. Veit"]
[Date "2020.01.10"]
[Round "7"]
[Board "5"]
[White "Hiermann, Dietmar"]
[Black "Casagrande, Harald"]
[Result "1/2-1/2"]
[WhiteElo "2239"]
[BlackElo "2301"]
[PlyCount "93"]
[EventDate "2019.10.11"]
[EventType "team"]
[EventRounds "11"]
[EventCountry "AUT"]
[WhiteTeam "SPG Sauwald"]
[BlackTeam "ASK St. Valentin"]

1. e4 d5 2. exd5 Qxd5 3. Nc3 Qa5 4. Bc4 Nf6 5. h3 c6 6. Qe2 e6 7. Nf3 Bd6 8. d4
O-O 9. Bd2 Qc7 10. Ne4 Nxe4 11. Qxe4 Nd7 12. Bd3 g6 13. O-O-O Re8 14. Ng5 c5
15. Qh4 Nf6 16. dxc5 Bxc5 17. Bc3 Be7 18. Rhe1 Nh5 19. g4 h6 20. f4 Qxf4+ 21.
Bd2 Qxg5 22. Qf2 Qh4 23. Qf3 Nf6 24. Kb1 Nd5 25. Rf1 Rf8 26. c4 Nb4 27. Be4 Nc6
28. Be1 Qg5 29. Bd2 Qh4 30. Be1 Qg5 31. Bd2 Qc5 32. Bxh6 Ne5 33. Qg3 Rd8 34.
Rxd8+ Bxd8 35. b3 Bd7 36. Be3 Qa5 37. Bd4 Bc7 38. Qf4 Bc6 39. Bc2 Rf8 40. Qf6
Be8 41. h4 Bd8 42. Qxe5 Qxe5 43. Bxe5 f5 44. gxf5 exf5 45. h5 gxh5 46. Rxf5
Rxf5 47. Bxf5  1/2-1/2

[Event "2. BUNDESLIGA MITTE 2019/2020"]
[Site "St. Veit"]
[Date "2020.01.10"]
[Round "7"]
[Board "6"]
[White "Tober, Gerhard"]
[Black "Hellmayr, Alois"]
[Result "1/2-1/2"]
[WhiteElo "2197"]
[BlackElo "2242"]
[PlyCount "88"]
[EventDate "2019.10.11"]
[EventType "team"]
[EventRounds "11"]
[EventCountry "AUT"]
[WhiteTeam "ASK St. Valentin"]
[BlackTeam "SPG Sauwald"]

1. e4 c5 2. c3 Nf6 3. e5 Nd5 4. Nf3 Nc6 5. Bc4 Nb6 6. Bb3 d5 7. exd6 Qxd6 8. d4
cxd4 9. cxd4 Be6 10. Na3 Bxb3 11. axb3 e6 12. O-O Qd5 13. Qd3 Bxa3 14. bxa3 h6
15. Bf4 O-O 16. Rfe1 Rac8 17. Rad1 Qh5 18. h3 Nd5 19. Bd2 Rfd8 20. Kh2 Nf6 21.
Bf4 Rd5 22. Kg1 Rcd8 23. Qc2 a6 24. Rd2 Nxd4 25. Rxd4 Rxd4 26. Nxd4 Rxd4 27.
Be5 Rd8 28. Bxf6 gxf6 29. Kh2 Qd5 30. Re3 f5 31. Rg3+ Kf8 32. Qc1 Qd2 33. Qc5+
Qd6 34. Qc4 Qd4 35. Qc7 Qd7 36. Qe5 Qd4 37. Qc7 f4 38. Rg4 Qd6 39. Qxb7 h5 40.
Rg5 f3+ 41. Kg1 Qd1+ 42. Kh2 Qd6+ 43. Kg1 Qd1+ 44. Kh2 Qd6+  1/2-1/2

[Event "2. BUNDESLIGA MITTE 2019/2020"]
[Site "St. Veit"]
[Date "2020.01.10"]
[Round "7"]
[Board "1"]
[White "Rogic, Davor"]
[Black "Kadric, Denis"]
[Result "1/2-1/2"]
[WhiteElo "2494"]
[BlackElo "2588"]
[PlyCount "60"]
[EventDate "2019.10.11"]
[EventType "team"]
[EventRounds "11"]
[EventCountry "AUT"]
[WhiteTeam "SV Aspernig Transporte St. Veit 2"]
[BlackTeam "SC Pinggau-Friedberg"]

1. e4 d6 2. d4 Nf6 3. Bd3 e5 4. c3 d5 5. dxe5 Nxe4 6. Nf3 Nc5 7. Be2 c6 8. O-O
Nbd7 9. c4 dxc4 10. Bxc4 Be7 11. Nc3 O-O 12. Be3 Qc7 13. Qd4 Nb6 14. Be2 Bf5
15. Qf4 Bg6 16. Qg3 Rad8 17. h4 Nd3 18. b3 Bb4 19. Bxd3 Bxd3 20. Rfc1 Ba3 21.
Bh6 f6 22. Bf4 Bxc1 23. Rxc1 Nd5 24. Nxd5 Rxd5 25. exf6 Qf7 26. Ne5 Qxf6 27.
Nxd3 Rxd3 28. Qxd3 Qxf4 29. Qc4+ Qxc4 30. Rxc4 Rf5  1/2-1/2

[Event "2. BUNDESLIGA MITTE 2019/2020"]
[Site "St. Veit"]
[Date "2020.01.10"]
[Round "7"]
[Board "2"]
[White "Ftacnik, Lubomir"]
[Black "Praznik, Niko"]
[Result "1-0"]
[WhiteElo "2521"]
[BlackElo "2351"]
[PlyCount "131"]
[EventDate "2019.10.11"]
[EventType "team"]
[EventRounds "11"]
[EventCountry "AUT"]
[WhiteTeam "SC Pinggau-Friedberg"]
[BlackTeam "SV Aspernig Transporte St. Veit 2"]

1. Nf3 g6 2. d4 Bg7 3. c4 d6 4. Nc3 Nc6 5. d5 Ne5 6. Nxe5 Bxe5 7. e4 Bg7 8. Be2
Nf6 9. O-O e5 10. dxe6 Bxe6 11. f4 O-O 12. f5 Bd7 13. Bg5 h6 14. Bh4 Bc6 15.
Bd3 g5 16. Bf2 Nd7 17. Rc1 a5 18. Re1 b6 19. Rc2 Be5 20. Nd5 Nc5 21. b3 Re8 22.
g3 Bxd5 23. cxd5 Bf6 24. Qf3 Nxd3 25. Qxd3 Qe7 26. a4 Qd7 27. Rec1 Ra7 28. Re2
Be5 29. Rc6 Re7 30. Rec2 Re8 31. Qf3 Bf6 32. Qd3 Kg7 33. R2c4 Re7 34. h4 Re8
35. hxg5 Bxg5 36. Qc2 Re7 37. Bd4+ f6 38. Kg2 Rb7 39. Bf2 Ra7 40. Qc3 Rb7 41.
b4 axb4 42. Qxb4 Ra7 43. Qc3 Rb7 44. Be1 Qd8 45. Qf3 Qe8 46. Kf1 Ra7 47. Qe2
Qf7 48. Bf2 Rb7 49. Qc2 Rd7 50. Kg2 Re7 51. Qd3 Ra7 52. Qc3 Rb7 53. Qc2 Rd7 54.
Qb3 Ra7 55. Be1 Qe8 56. a5 bxa5 57. Bf2 Ra8 58. Rxc7 Rad8 59. Be1 Kf8 60. Bxa5
Rxc7 61. Bxc7 Rd7 62. Qb4 Qe7 63. Rc6 Rxc7 64. Qb8+ Qe8 65. Qxe8+ Kxe8 66. Rxc7
 1-0

[Event "2. BUNDESLIGA MITTE 2019/2020"]
[Site "St. Veit"]
[Date "2020.01.10"]
[Round "7"]
[Board "3"]
[White "Mazi, Leon"]
[Black "Milanovic, Danilo"]
[Result "1/2-1/2"]
[WhiteElo "2326"]
[BlackElo "2455"]
[PlyCount "95"]
[EventDate "2019.10.11"]
[EventType "team"]
[EventRounds "11"]
[EventCountry "AUT"]
[WhiteTeam "SV Aspernig Transporte St. Veit 2"]
[BlackTeam "SC Pinggau-Friedberg"]

1. e4 d5 2. exd5 Qxd5 3. Nc3 Qd6 4. d4 Nf6 5. g3 c6 6. Bf4 Qd8 7. Bg2 Bf5 8.
Qe2 e6 9. O-O-O Be7 10. h3 Nbd7 11. Nf3 Nd5 12. Bd2 Bg6 13. Ne5 Nxe5 14. dxe5
Qc7 15. f4 O-O-O 16. Ne4 Bxe4 17. Qxe4 g6 18. Rhf1 Bc5 19. Rf3 Rd7 20. c4 Nb6
21. Be1 Rhd8 22. Rfd3 Rxd3 23. Rxd3 Rxd3 24. Qxd3 Qd7 25. Kc2 Bd4 26. b3 h5 27.
Bb4 Bf2 28. Bd6 h4 29. g4 Na8 30. Qd2 Bg3 31. Qe3 Nb6 32. Qd2 Na8 33. Qd4 Nb6
34. Bf1 Kd8 35. Qe3 Nc8 36. Bb4 Qc7 37. Bd3 Qb6 38. Qxb6+ Nxb6 39. Bd2 Nd7 40.
Be3 Kc7 41. Be4 a6 42. Kd3 g5 43. fxg5 Nxe5+ 44. Ke2 b6 45. Bd4 Ng6 46. Kf3 c5
47. Bc3 Kd7 48. Bxg6  1/2-1/2